| 000 | 00517nam a22001697a 4500 | ||
|---|---|---|---|
| 005 | 20241122095734.0 | ||
| 008 | 241122b |||||||| |||| 00| 0 eng d | ||
| 082 |
_a615.1 _bPAD-M |
||
| 100 | _aPadmaja Udaykumar | ||
| 245 |
_aMedical Pharmacology : _bcompetency Based undergraduate curriculum / _cby Padmaja Udaykumar |
||
| 250 | _a7th ed. | ||
| 260 |
_aIndia : _bCBS Publishers ; _c2021. |
||
| 300 |
_axxii, 768 p. : _bill ; _c28 cm. |
||
| 500 | _aInclude Index. | ||
| 650 | _aMedical / Pharmacology | ||
| 999 |
_c36781 _d36781 |
||